Fundamentals of financial accounting
| Main Author: | |
|---|---|
| Format: | Book |
| Published: |
Illinois :
Irwin ,
1990
|
| Subjects: |
MARC
| LEADER | 00000cam a2200000 7i4500 | ||
|---|---|---|---|
| 001 | 0000004794 | ||
| 002 | 000005168 | ||
| 005 | 20000330.0 | ||
| 020 | |a 0256077355 | ||
| 090 | 0 | 0 | |a 657 |b SHO |
| 100 | 1 | |a Short, Daniel G | |
| 245 | 1 | 0 | |a Fundamentals of financial accounting |c Daniel G.Short |
| 260 | |a Illinois : |b Irwin , |c 1990 | ||
| 300 | |a 53p. ; |c 28cm. | ||
| 650 | 0 | 0 | |a Financial statements |
| 999 | |a 037528 |b BUKU |c PINJAMAN |e PERPUSTAKAAN KOMUNITI PETALING JAYA | ||